• 首页
  • 本馆介绍
  • 公告通知
  • 最新文献
  • 馆藏检索
  • 电子资源
  • 读者导购
  • 参考咨询
  • 我的图书馆
  • 登录
  • 详细信息显示
  • 放入我的书架
  • 预约/预借图书
  • 作者相关作品
  • 分类相关作品
  • 丛书相关作品
  • 出版社相关作品

书目信息

  • 表格格式
  • 工作单格式
  • 卡片格式
题名:
高等学校教材构造地质学原理
    
 
作者:
分册:  
出版信息: 北京   地质出版社  
页数: 1
开本: 24cm
丛书名:
单 册:
中图分类: P209
科图分类:
主题词: 测绘学 , 测量学
电子资源:
ISBN:
000 00514nam0 2200181 450
001 202411151349999393
005 20241115151239.48
010    @dCNY4.25
100    @a20241115d km y0chiy0120 ea
101 0  @achi
200 1  @a高等学校教材构造地质学原理@AGao Deng Xue Xiao Jiao Cai Gou Zao Di Zhi Xue Yuan Li
210    @a北京@c地质出版社
215    @a1@d24cm
606 0  @a测绘学
606 0  @a测量学
690    @aP209@v4
801  0 @aCN@b大连网信软件有限公司图书馆·11@c20241115
905    @aZUCC@b1439260@dP209@e387@f1
    
    高等学校教材构造地质学原理.-北京:地质出版社
    1;24cm
    
    
    ISBN :CNY4.25
    
●
相关链接 在E读中查询图书 在五车中查询图书 在当当中查询图书 在豆瓣中查询图书


正题名:高等学校教材构造地质学原理     索取号:P209/387         预约/预借

序号 登录号 条形码 馆藏地/架位号 状态 备注
1 1439260   214392600   密集书库-资源管理系/ [索取号:P209/387] 在馆    
唐山师范学院图书馆 欢迎您!
大连网信软件有限公司© 版权所有